La libertad de enseñanza

Guardat en:
Dades bibliogràfiques
Autor principal: García Vieyra, Alberto (Autor)
Format: Llibre
Idioma:espanyol
Publicat: Buenos Aires A.M.A.D 1958
Col·lecció:Cuadernos A.M.A.D., 3
Matèries:
Etiquetes: Afegir etiqueta
Sense etiquetes, Sigues el primer a etiquetar aquest registre!

MARC

LEADER 00000nam a2200000 a 4500
001 UCU1105
003 CL-VaPUC
008 960329e19580000AG |||||||||||||||||spa|d
082 0 4 |a 344.07  |b GAR  |2 21 
100 |a García Vieyra, Alberto  |e author  |9 356703 
245 1 3 |a La libertad de enseñanza 
300 |a 24 p 
942 |c BK 
945 |d 19960329 00:00:00  |a lriquelm 
260 |a Buenos Aires  |b A.M.A.D  |c 1958 
650 0 |a Libertad de enseñanza   |9 311567 
650 7 |a LEGISLACION  |2 CL-VaPUC  |9 356704 
650 7 |a LEGISLACION EDUCACIONAL  |2 CL-VaPUC  |9 339222 
583 |a last modification  |c 19960329 00:00:00  |k Rodrigo Vera 
490 0 |a Cuadernos A.M.A.D., 3 
999 |c 245850  |d 245848